000 00443nam a22001457a 4500
005 20260227011127.0
008 260227b |||||||| |||| 00| 0 eng d
040 _cjhcsc
082 _a005.5
100 _910187
_aEvangeline Madrid-Hirata
_eAuthor
245 _aA Simplified Approach to Microsoft Excel
_cEvangeline Madrid-Hirata
260 _aMandaluyong City
_bHyperbit International, Inc
_cc2003
300 _a147 p
_bill.
942 _2ddc
_cBOOK
999 _c11371
_d11371